| 000 | 00535nam a22001817a 4500 | ||
|---|---|---|---|
| 003 | CEME | ||
| 005 | 20210628203148.0 | ||
| 008 | 210203b xxu||||| |||| 00| 0 eng d | ||
| 020 | _a9780470051368 | ||
| 040 | _c. | ||
| 082 | _a333.792 HER | ||
| 100 |
_aHerbst, Alan M , Hopley, George W _963704 |
||
| 245 | _aNuclear energy now , why the time has come for the worlds most misunderstood energy source | ||
| 260 |
_aUSA _bJOHN WILEY & SONS _c2007 |
||
| 300 | _aXXIV, 230P | ||
| 650 |
_a1- NUCLEAR INDUSTRY _963705 |
||
| 942 |
_cBK _2ddc |
||
| 999 |
_c572440 _d572440 |
||